Manejo extensivo de ganado vacuno y lanar : tomo 1 /

Guardado en:
Autor Principal: Sobrero, Tabaré
Formato: Libro
Publicado: Montevideo : Hemisferio Sur, s/f
Materias:
Etiquetas: Agregar Etiqueta
Sin Etiquetas, Sea el primero en etiquetar este registro!
LEADER 00971nam a22002055a 4500
001 CEM.cems017595
005 20110518111327.0
008 130507b######################000#0#####d
003 CEMS
020 |a 9974645077 
082 0 4 |a 636 
100 1 |a Sobrero, Tabaré 
245 1 0 |a Manejo extensivo de ganado vacuno y lanar :  |b tomo 1 /  |c Tabaré Sobrero 
260 |a Montevideo :  |b Hemisferio Sur, s/f 
300 |a 624 p. 
500 |a Aspectos poco difundidos del manejo extensivo de ganado vacuno y lanar 
505 0 |a Porvenir del rumiante como proveedor de proteínas -- Factores que afectan y definen la explotación del ganado vacuno de carne -- Manejo del ganado considerando un ciclo de cría completo -- Manejo antiparasitario -- Breve historia de la selección -- Cruzamiento -- Suplementación animal -- Manejo sanitario del ganado 
653 |a Bovinos-manejo extensivo 
653 |a Ovinos-manejo extensivo 
859 |a CEMS  |b BIB. CEMS - Agricultura  |h 636  |i So12  |p A1383.11  |t Ej.1